[Event "Top 12 Feminin Groupe A"]
[Site "Juvisy sur Orge"]
[Date "2018.05.06"]
[Round "2.3"]
[White "Dornbusch, Tatiana"]
[Black "Abbassi, Zeyneb"]
[Result "1/2-1/2"]
[WhiteElo "2290"]
[BlackElo "1766"]
[PlyCount "114"]
[EventDate "2018.05.06"]




1. d4 {[%clk 1:30:58]} d5 {[%clk 1:30:54]} 2. c4 {[%clk 1:30:44]} c6
{[%clk 1:30:50]} 3. Nf3 {[%clk 1:30:48]} e6 {[%clk 1:31:11]} 4. Nc3
{[%clk 1:29:22]} f5 {[%clk 1:31:35]} 5. Bf4 {[%clk 1:28:52]} Nf6 {[%clk 1:31:40]}
6. e3 {[%clk 1:28:51]} Be7 {[%clk 1:30:53]} 7. Bd3 {[%clk 1:26:50]} O-O
{[%clk 1:30:58]} 8. Qc2 {[%clk 1:26:40]} Ne4 {[%clk 1:30:57]} 9. g4
{[%clk 1:19:14]} Qa5 {[%clk 1:22:10]} 10. Ke2 {[%clk 1:05:37]} Bb4
{[%clk 1:11:30]} 11. Rac1 {[%clk 1:02:52]} Nd7 {[%clk 1:06:38]} 12. gxf5
{[%clk 1:01:06]} Bxc3 {[%clk 1:02:40]} 13. bxc3 {[%clk 0:59:21]} exf5
{[%clk 1:01:36]} 14. Rhg1 {[%clk 0:54:21]} Kh8 {[%clk 1:00:33]} 15. Ne5
{[%clk 0:53:07]} Qd8 {[%clk 0:54:37]} 16. cxd5 {[%clk 0:40:54]} cxd5
{[%clk 0:54:09]} 17. f3 {[%clk 0:40:31]} Qh4 {[%clk 0:46:27]} 18. Rg2
{[%clk 0:34:52]} Ndf6 {[%clk 0:36:33]} 19. fxe4 {[%clk 0:25:53]} fxe4
{[%clk 0:34:07]} 20. Bb5 {[%clk 0:25:16]} Bh3 {[%clk 0:30:22]} 21. Rgg1
{[%clk 0:17:08]} Ng4 {[%clk 0:21:10]} 22. Rce1 {[%clk 0:01:27]} Nxh2
{[%clk 0:06:47]} 23. Kd1 {[%clk 0:01:49]} Nf3 {[%clk 0:04:59]} 24. Nxf3
{[%clk 0:02:06]} exf3 {[%clk 0:05:13]} 25. Bg3 {[%clk 0:01:25]} Qh5
{[%clk 0:04:43]} 26. Qf2 {[%clk 0:00:57]} Rac8 {[%clk 0:04:01]} 27. Kd2
{[%clk 0:01:20]} Bf5 {[%clk 0:02:27]} 28. Be5 {[%clk 0:01:36]} Bg6
{[%clk 0:02:37]} 29. Bd3 {[%clk 0:01:45]} Kg8 {[%clk 0:02:41]} 30. Bxg6
{[%clk 0:01:54]} hxg6 {[%clk 0:03:05]} 31. Rg3 {[%clk 0:01:36]} g5
{[%clk 0:02:41]} 32. Reg1 {[%clk 0:01:15]} Rf5 {[%clk 0:03:08]} 33. Rg4
{[%clk 0:01:08]} Qg6 {[%clk 0:03:01]} 34. Rc1 {[%clk 0:00:36]} Qa6
{[%clk 0:03:25]} 35. Rc2 {[%clk 0:00:44]} Qe6 {[%clk 0:03:00]} 36. Rg3
{[%clk 0:01:02]} Qf7 {[%clk 0:02:43]} 37. Rc1 {[%clk 0:01:28]} Qh5
{[%clk 0:02:32]} 38. Rgg1 {[%clk 0:01:35]} Qg6 {[%clk 0:02:33]} 39. Bg3
{[%clk 0:01:32]} Qa6 {[%clk 0:02:42]} 40. Rc2 {[%clk 0:01:45]} Qe6
{[%clk 0:02:19]} 41. Rh1 {[%clk 0:01:14]} Re8 {[%clk 0:01:51]} 42. Be5
{[%clk 0:01:31]} Qg6 {[%clk 0:02:06]} 43. Ke1 {[%clk 0:01:24]} g4
{[%clk 0:01:52]} 44. Rg1 {[%clk 0:01:14]} Ref8 {[%clk 0:01:43]} 45. Kd2
{[%clk 0:01:21]} Rh5 {[%clk 0:01:33]} 46. Bf4 {[%clk 0:01:08]} Rh3
{[%clk 0:01:41]} 47. Rg3 {[%clk 0:00:33]} Rh1 {[%clk 0:01:10]} 48. Rc1
{[%clk 0:00:45]} Rxc1 {[%clk 0:01:22]} 49. Kxc1 {[%clk 0:01:13]} Qd3
{[%clk 0:01:46]} 50. Kb2 {[%clk 0:00:32]} Qb5+ {[%clk 0:02:00]} 51. Kc2
{[%clk 0:00:45]} Qa4+ {[%clk 0:02:10]} 52. Kb2 {[%clk 0:01:10]} Qb5+
{[%clk 0:02:32]} 53. Ka1 {[%clk 0:01:00]} Qd3 {[%clk 0:02:29]} 54. Kb2
{[%clk 0:00:43]} Rf6 55. Qc2 Rb6+ 56. Kc1 Qf1+ 57. Kd2 Qf2+ 1/2-1/2

[Event "Top 12 Feminin Groupe A"]
[Site "Juvisy sur Orge"]
[Date "2018.05.06"]
[Round "2.4"]
[White "Tsulaia, Salome"]
[Black "Lebel-Arias, Julia"]
[Result "0-1"]
[WhiteElo "1430"]
[BlackElo "1729"]
[PlyCount "78"]
[EventDate "2018.05.06"]

1. e4 {[%clk 1:30:56]} g6 {[%clk 1:30:53]} 2. d4 {[%clk 1:29:57]} Bg7
{[%clk 1:31:14]} 3. Nf3 {[%clk 1:28:25]} c5 {[%clk 1:31:35]} 4. Be2
{[%clk 1:25:49]} Qb6 {[%clk 1:30:57]} 5. c3 {[%clk 1:23:23]} d6 {[%clk 1:30:43]}
6. O-O {[%clk 1:20:08]} Nd7 {[%clk 1:29:55]} 7. Re1 {[%clk 1:16:43]} e6
{[%clk 1:29:15]} 8. Bf1 {[%clk 1:12:57]} Ne7 {[%clk 1:27:50]} 9. dxc5
{[%clk 1:03:57]} dxc5 {[%clk 1:25:53]} 10. Qc2 {[%clk 1:02:50]} Qc7
{[%clk 1:25:38]} 11. Nbd2 {[%clk 0:58:25]} O-O {[%clk 1:25:44]} 12. Nc4
{[%clk 0:55:51]} b5 {[%clk 1:25:40]} 13. Ne3 {[%clk 0:55:48]} a6 {[%clk 1:25:06]}
14. a4 {[%clk 0:50:32]} bxa4 {[%clk 1:24:34]} 15. Rxa4 {[%clk 0:50:09]} Nb6
{[%clk 1:24:52]} 16. Ra1 {[%clk 0:50:07]} Bb7 {[%clk 1:25:01]} 17. Nc4
{[%clk 0:48:45]} Nxc4 {[%clk 1:24:56]} 18. Bxc4 {[%clk 0:49:12]} Nc6
{[%clk 1:24:21]} 19. Bg5 {[%clk 0:46:11]} Na5 {[%clk 1:22:16]} 20. Bf1
{[%clk 0:44:22]} f6 {[%clk 1:21:57]} 21. Bh4 {[%clk 0:42:03]} e5 {[%clk 1:21:40]}
22. Nd2 {[%clk 0:40:52]} Bc6 {[%clk 1:19:06]} 23. Nc4 {[%clk 0:39:37]} Nb7 24.
Ne3 {[%clk 0:31:24]} Nd6 {[%clk 1:17:05]} 25. Nc4 {[%clk 0:24:40]} Nf7
{[%clk 1:14:10]} 26. Ne3 {[%clk 0:21:48]} Qb7 {[%clk 1:13:19]} 27. Nc4
{[%clk 0:19:29]} Bd7 {[%clk 1:09:03]} 28. Red1 {[%clk 0:17:38]} Be6
{[%clk 1:08:44]} 29. Rd2 {[%clk 0:15:06]} Rfd8 {[%clk 1:08:24]} 30. Rxd8+
{[%clk 0:09:04]} Rxd8 {[%clk 1:08:23]} 31. Re1 {[%clk 0:08:02]} Rb8
{[%clk 1:06:41]} 32. Rb1 {[%clk 0:07:21]} f5 {[%clk 1:06:28]} 33. exf5
{[%clk 0:05:55]} gxf5 {[%clk 1:06:49]} 34. Be2 {[%clk 0:01:04]} e4
{[%clk 1:06:45]} 35. Bg3 {[%clk 0:01:02]} Rd8 {[%clk 1:06:46]} 36. Bf4
{[%clk 0:00:39]} Bf6 {[%clk 1:02:24]} 37. Na5 {[%clk 0:00:34]} Qc8
{[%clk 1:01:48]} 38. Nc4 {[%clk 0:00:58]} Qb7 {[%clk 1:01:15]} 39. Na5
{[%clk 0:01:04]} Qa8 {[%clk 1:01:32]} 0-1

[Event "Top 12 Feminin Groupe A"]
[Site "Juvisy sur Orge"]
[Date "2018.05.06"]
[Round "2.5"]
[White "Savina, Anastasia"]
[Black "Salimova, Nurgyul"]
[Result "0-1"]
[WhiteElo "1963"]
[BlackElo "1430"]
[PlyCount "80"]
[EventDate "2018.05.06"]



1. Nf3 {[%clk 1:30:05]} d5 {[%clk 1:30:29]} 2. c4 {[%clk 1:28:04]} e6
{[%clk 1:28:57]} 3. b3 {[%clk 1:24:56]} Nf6 {[%clk 1:26:36]} 4. Bb2
{[%clk 1:25:17]} Be7 {[%clk 1:24:31]} 5. g3 {[%clk 1:24:44]} O-O {[%clk 1:20:36]}
6. Bg2 {[%clk 1:25:06]} b6 {[%clk 1:10:22]} 7. O-O {[%clk 1:22:54]} Bb7
{[%clk 1:10:40]} 8. cxd5 {[%clk 1:12:42]} exd5 {[%clk 1:10:15]} 9. d4
{[%clk 1:00:49]} Nbd7 {[%clk 1:05:51]} 10. Nc3 {[%clk 0:56:44]} Re8
{[%clk 0:56:10]} 11. Rc1 {[%clk 0:54:27]} c6 {[%clk 0:48:47]} 12. Ne5
{[%clk 0:42:58]} Bd6 {[%clk 0:40:33]} 13. f4 {[%clk 0:36:43]} c5 {[%clk 0:34:46]}
14. e3 {[%clk 0:33:36]} a6 {[%clk 0:27:46]} 15. g4 {[%clk 0:29:44]} cxd4
{[%clk 0:17:21]} 16. exd4 {[%clk 0:29:56]} b5 {[%clk 0:09:12]} 17. g5
{[%clk 0:22:53]} b4 {[%clk 0:06:28]} 18. Nxd7 {[%clk 0:19:34]} Nxd7
{[%clk 0:04:49]} 19. Nxd5 {[%clk 0:18:07]} Rb8 {[%clk 0:04:09]} 20. Qg4
{[%clk 0:16:03]} Nf8 {[%clk 0:02:34]} 21. Rce1 {[%clk 0:06:24]} Rxe1
{[%clk 0:02:47]} 22. Rxe1 {[%clk 0:06:53]} Qa5 {[%clk 0:01:09]} 23. Qf5
{[%clk 0:03:20]} Bxd5 {[%clk 0:01:07]} 24. Bxd5 {[%clk 0:03:06]} Qc7
{[%clk 0:01:27]} 25. Bc4 {[%clk 0:00:58]} Ng6 {[%clk 0:00:56]} 26. Bc1
{[%clk 0:01:02]} Rf8 {[%clk 0:01:01]} 27. Re4 {[%clk 0:00:44]} Ne7
{[%clk 0:00:51]} 28. Qg4 {[%clk 0:00:40]} g6 {[%clk 0:01:08]} 29. Qe2
{[%clk 0:00:36]} Nf5 {[%clk 0:01:26]} 30. Bd2 {[%clk 0:00:36]} a5
{[%clk 0:01:36]} 31. Qf2 {[%clk 0:00:35]} a4 {[%clk 0:01:30]} 32. Re1
{[%clk 0:00:38]} Nxd4 {[%clk 0:00:54]} 33. Be3 {[%clk 0:00:34]} Nf5
{[%clk 0:01:06]} 34. Bb6 {[%clk 0:00:59]} Qc6 35. bxa4 {[%clk 0:00:35]} Qxc4
{[%clk 0:01:24]} 36. Rf1 {[%clk 0:00:35]} Rb8 {[%clk 0:01:35]} 37. Ba7
{[%clk 0:00:32]} Ra8 {[%clk 0:01:54]} 38. Rd1 {[%clk 0:00:32]} Bxf4
{[%clk 0:01:18]} 39. Bb6 {[%clk 0:00:31]} Be3 {[%clk 0:01:12]} 40. Bxe3
{[%clk 0:00:53]} Qg4+ {[%clk 0:01:37]} 0-1

[Event "Top 12 Feminin Groupe A"]
[Site "Juvisy sur Orge"]
[Date "2018.05.06"]
[Round "2.6"]
[White "Collas, Silvia"]
[Black "Partac, Elena"]
[Result "1-0"]
[WhiteElo "2269"]
[BlackElo "2091"]
[PlyCount "77"]
[EventDate "2018.05.06"]



1. d4 {[%clk 1:30:56]} Nf6 {[%clk 1:30:30]} 2. Bf4 {[%clk 1:30:50]} e6
{[%clk 1:27:17]} 3. e3 {[%clk 1:30:50]} b6 {[%clk 1:24:43]} 4. h3
{[%clk 1:27:25]} Bb7 {[%clk 1:24:59]} 5. Nf3 {[%clk 1:27:37]} Be7
{[%clk 1:24:27]} 6. Bd3 {[%clk 1:27:33]} O-O {[%clk 1:23:37]} 7. Nbd2
{[%clk 1:27:17]} c5 {[%clk 1:23:30]} 8. c3 {[%clk 1:26:12]} d6 {[%clk 1:20:34]}
9. Bh2 {[%clk 1:25:03]} Nbd7 {[%clk 1:09:57]} 10. Qe2 {[%clk 1:24:46]} Rc8
{[%clk 1:09:37]} 11. O-O {[%clk 1:22:50]} Qc7 {[%clk 0:57:31]} 12. a4
{[%clk 1:18:12]} e5 {[%clk 0:44:58]} 13. dxe5 {[%clk 1:18:05]} Nxe5
{[%clk 0:45:24]} 14. Nxe5 {[%clk 1:18:11]} dxe5 {[%clk 0:45:52]} 15. Nc4
{[%clk 1:06:57]} Nd7 {[%clk 0:21:34]} 16. Bf5 {[%clk 1:01:35]} Qc6
{[%clk 0:21:03]} 17. e4 {[%clk 1:01:16]} f6 {[%clk 0:21:31]} 18. Qg4
{[%clk 0:53:12]} Rcd8 {[%clk 0:20:56]} 19. Ne3 {[%clk 0:52:00]} Rfe8
{[%clk 0:18:52]} 20. Be6+ {[%clk 0:47:23]} Kh8 {[%clk 0:17:02]} 21. Nd5
{[%clk 0:46:56]} Bd6 {[%clk 0:11:23]} 22. Rfd1 {[%clk 0:40:54]} Bc8
{[%clk 0:07:15]} 23. Bf7 {[%clk 0:37:54]} Rf8 {[%clk 0:07:42]} 24. Qh5
{[%clk 0:38:14]} Nb8 {[%clk 0:04:34]} 25. b4 {[%clk 0:34:38]} Qb7
{[%clk 0:02:42]} 26. Bg6 {[%clk 0:35:02]} h6 {[%clk 0:03:10]} 27. b5
{[%clk 0:35:15]} Be6 {[%clk 0:02:55]} 28. c4 {[%clk 0:35:28]} a5 {[%clk 0:01:52]}
29. Ra3 {[%clk 0:34:13]} Rd7 {[%clk 0:01:10]} 30. Rad3 {[%clk 0:33:14]} Bf7
{[%clk 0:01:02]} 31. Bxf7 {[%clk 0:30:43]} Rfxf7 {[%clk 0:01:31]} 32. Qg6
{[%clk 0:30:56]} Bf8 {[%clk 0:01:32]} 33. f4 {[%clk 0:26:11]} exf4
{[%clk 0:01:03]} 34. Bxf4 {[%clk 0:26:04]} Rd8 {[%clk 0:00:45]} 35. Bxh6
{[%clk 0:21:18]} Rxd5 {[%clk 0:00:48]} 36. Rxd5 {[%clk 0:20:03]} gxh6
{[%clk 0:01:01]} 37. Rd8 {[%clk 0:20:07]} Qc7 {[%clk 0:00:40]} 38. Re8
{[%clk 0:19:43]} f5 {[%clk 0:00:34]} 39. e5 {[%clk 0:18:49]} 1-0

[Event "Top 12 Feminin Groupe A"]
[Site "Juvisy sur Orge"]
[Date "2018.05.06"]
[Round "2.7"]
[White "Sidibe, Malika"]
[Black "Khelif, Jihane"]
[Result "0-1"]
[WhiteElo "1830"]
[BlackElo "1698"]
[PlyCount "120"]
[EventDate "2018.05.06"]



1. e4 {[%clk 1:30:58]} d5 {[%clk 1:30:36]} 2. exd5 {[%clk 1:31:11]} Nf6
{[%clk 1:30:59]} 3. Bc4 {[%clk 1:27:34]} Bf5 {[%clk 1:23:31]} 4. Nc3
{[%clk 1:24:04]} Nbd7 {[%clk 1:17:27]} 5. d3 {[%clk 1:23:21]} Ne5
{[%clk 1:16:31]} 6. Bb5+ {[%clk 1:14:42]} Bd7 {[%clk 1:08:42]} 7. d4
{[%clk 1:12:23]} Ng6 {[%clk 1:08:12]} 8. Bc4 {[%clk 1:11:43]} Bg4
{[%clk 0:24:03]} 9. Qd3 {[%clk 1:05:11]} a6 {[%clk 0:18:25]} 10. h3
{[%clk 1:05:02]} Bd7 {[%clk 0:17:48]} 11. Nf3 {[%clk 1:03:26]} b5
{[%clk 0:18:06]} 12. Bb3 {[%clk 1:03:46]} b4 {[%clk 0:15:19]} 13. Ne4
{[%clk 1:03:10]} Bb5 {[%clk 0:14:40]} 14. Bc4 {[%clk 0:45:33]} Bxc4
{[%clk 0:14:40]} 15. Qxc4 {[%clk 0:45:41]} Qd7 {[%clk 0:09:01]} 16. Nc5
{[%clk 0:35:09]} Qxd5 {[%clk 0:08:22]} 17. Qxb4 {[%clk 0:35:21]} e5
{[%clk 0:06:31]} 18. Qa4+ {[%clk 0:26:09]} c6 {[%clk 0:06:53]} 19. c4
{[%clk 0:23:40]} Qd6 {[%clk 0:06:46]} 20. Be3 {[%clk 0:21:46]} Be7
{[%clk 0:05:15]} 21. dxe5 {[%clk 0:20:32]} Nxe5 {[%clk 0:05:26]} 22. Nxe5
{[%clk 0:20:54]} O-O {[%clk 0:03:58]} 23. Nxc6 {[%clk 0:19:52]} Rfc8
{[%clk 0:03:53]} 24. Nxe7+ {[%clk 0:20:18]} Qxe7 {[%clk 0:04:10]} 25. Nd3
{[%clk 0:19:02]} Qe4 {[%clk 0:04:22]} 26. Nf4 {[%clk 0:14:46]} Rxc4
{[%clk 0:04:38]} 27. Qb3 {[%clk 0:13:20]} g5 {[%clk 0:02:57]} 28. Ne2
{[%clk 0:13:25]} Rc2 {[%clk 0:02:04]} 29. Ng3 {[%clk 0:11:59]} Qg6
{[%clk 0:01:14]} 30. O-O {[%clk 0:12:14]} h5 {[%clk 0:01:31]} 31. Rac1
{[%clk 0:08:40]} Rxc1 {[%clk 0:01:16]} 32. Rxc1 {[%clk 0:09:08]} h4
{[%clk 0:01:37]} 33. Ne2 {[%clk 0:09:13]} g4 {[%clk 0:01:36]} 34. Qb7
{[%clk 0:07:04]} Re8 {[%clk 0:01:14]} 35. Rc8 {[%clk 0:06:42]} Rxc8
{[%clk 0:00:35]} 36. Qxc8+ {[%clk 0:07:06]} Kh7 {[%clk 0:01:01]} 37. Nf4
{[%clk 0:04:49]} Qb1+ {[%clk 0:01:17]} 38. Qc1 {[%clk 0:05:17]} Qxa2
{[%clk 0:01:32]} 39. hxg4 {[%clk 0:05:43]} Nxg4 {[%clk 0:01:40]} 40. Qc2+
{[%clk 0:06:10]} Kh6 {[%clk 0:01:12]} 41. Ne6+ {[%clk 0:06:12]} Nxe3
{[%clk 0:01:34]} 42. fxe3 {[%clk 0:04:23]} Qxe6 {[%clk 0:01:56]} 43. Qf2
{[%clk 0:04:35]} Qc4 {[%clk 0:00:38]} 44. Qf6+ {[%clk 0:03:43]} Kh5
{[%clk 0:00:49]} 45. Qf5+ {[%clk 0:03:13]} Kh6 {[%clk 0:01:12]} 46. Kh2
{[%clk 0:02:25]} Qb3 {[%clk 0:01:13]} 47. Qf4+ {[%clk 0:01:30]} Kh5
{[%clk 0:01:15]} 48. Qf5+ {[%clk 0:01:57]} Kh6 {[%clk 0:01:05]} 49. Qf4+
{[%clk 0:02:22]} Kh5 {[%clk 0:01:55]} 50. Kh3 {[%clk 0:01:41]} Qe6+
{[%clk 0:02:02]} 51. Kh2 {[%clk 0:02:08]} Qb3 {[%clk 0:02:20]} 52. Qf5+
{[%clk 0:02:11]} Kh6 {[%clk 0:02:42]} 53. Qf6+ {[%clk 0:02:38]} Kh5
{[%clk 0:03:09]} 54. Qe5+ {[%clk 0:01:49]} Kh6 {[%clk 0:02:47]} 55. Kh3
{[%clk 0:02:05]} Qb7 {[%clk 0:01:42]} 56. Qf6+ {[%clk 0:02:28]} Kh7
{[%clk 0:01:11]} 57. Qxh4+ {[%clk 0:02:46]} Kg7 {[%clk 0:01:32]} 58. Qd4+
{[%clk 0:02:10]} Kg6 {[%clk 0:01:45]} 59. g3 {[%clk 0:01:26]} Qh1+
{[%clk 0:02:06]} 60. Kg4 {[%clk 0:01:44]} Qh5+ {[%clk 0:02:14]} 0-1

[Event "Top 12 Feminin Groupe A"]
[Site "Juvisy sur Orge"]
[Date "2018.05.06"]
[Round "2.8"]
[White "Marchand, Laure"]
[Black "De Talance, Berenice"]
[Result "0-1"]
[WhiteElo "1344"]
[BlackElo "1660"]
[PlyCount "138"]
[EventDate "2018.05.06"]

1. e4 {[%clk 1:30:57]} e6 {[%clk 1:30:47]} 2. d4 {[%clk 1:31:11]} d5
{[%clk 1:31:09]} 3. Nc3 {[%clk 1:31:28]} Bb4 {[%clk 1:31:15]} 4. f3
{[%clk 1:28:59]} dxe4 {[%clk 1:30:10]} 5. Bf4 {[%clk 1:24:18]} Nf6
{[%clk 1:21:01]} 6. a3 {[%clk 1:17:23]} Bxc3+ {[%clk 1:20:19]} 7. bxc3
{[%clk 1:17:10]} Nd5 {[%clk 1:01:50]} 8. Bg3 {[%clk 1:04:53]} Qg5
{[%clk 0:59:04]} 9. Qd2 {[%clk 0:57:56]} e3 {[%clk 0:58:10]} 10. Qd3
{[%clk 0:57:06]} f5 {[%clk 0:55:48]} 11. Nh3 {[%clk 0:56:34]} Qh6
{[%clk 0:54:15]} 12. f4 {[%clk 0:56:30]} Nd7 {[%clk 0:31:54]} 13. c4
{[%clk 0:55:28]} N5f6 {[%clk 0:32:14]} 14. Be2 {[%clk 0:48:34]} Ne4
{[%clk 0:25:29]} 15. Qxe3 {[%clk 0:44:10]} Ndf6 {[%clk 0:21:28]} 16. O-O
{[%clk 0:39:25]} O-O {[%clk 0:21:27]} 17. Ng5 {[%clk 0:37:06]} b6
{[%clk 0:17:27]} 18. Bd3 {[%clk 0:35:22]} Ng4 {[%clk 0:16:57]} 19. Qf3
{[%clk 0:31:32]} Nxg3 {[%clk 0:17:00]} 20. Qxg3 {[%clk 0:30:54]} Bb7
{[%clk 0:16:31]} 21. h3 {[%clk 0:30:33]} Nf6 {[%clk 0:14:54]} 22. Rae1
{[%clk 0:26:13]} Nh5 {[%clk 0:10:14]} 23. Qe3 {[%clk 0:25:15]} Rae8
{[%clk 0:06:54]} 24. Be2 {[%clk 0:21:00]} Rf6 {[%clk 0:03:32]} 25. Bxh5
{[%clk 0:15:50]} Qxh5 {[%clk 0:03:51]} 26. Kh2 {[%clk 0:15:12]} h6
{[%clk 0:03:17]} 27. Nf3 {[%clk 0:15:07]} Be4 {[%clk 0:01:22]} 28. c3
{[%clk 0:13:46]} Qf7 {[%clk 0:01:35]} 29. Ne5 {[%clk 0:13:48]} Qe7
{[%clk 0:01:56]} 30. a4 {[%clk 0:12:18]} Qa3 {[%clk 0:00:54]} 31. Ra1
{[%clk 0:11:36]} Qb2 {[%clk 0:01:00]} 32. Qg3 {[%clk 0:10:32]} c5
{[%clk 0:01:05]} 33. Rac1 {[%clk 0:08:05]} Rd8 {[%clk 0:00:46]} 34. Qf2
{[%clk 0:07:30]} Qxf2 {[%clk 0:01:03]} 35. Rxf2 {[%clk 0:07:54]} cxd4
{[%clk 0:01:25]} 36. Rd2 {[%clk 0:07:43]} d3 {[%clk 0:01:04]} 37. Rcd1
{[%clk 0:07:33]} Rc8 {[%clk 0:00:42]} 38. Kg1 {[%clk 0:07:17]} Rff8
{[%clk 0:00:47]} 39. Kf2 {[%clk 0:07:19]} Rfd8 {[%clk 0:00:57]} 40. Ke3
{[%clk 0:07:03]} Rc5 {[%clk 0:00:52]} 41. g3 {[%clk 0:06:32]} Kf8
{[%clk 0:00:51]} 42. g4 {[%clk 0:06:11]} Ke7 {[%clk 0:01:01]} 43. g5
{[%clk 0:05:07]} hxg5 {[%clk 0:01:19]} 44. fxg5 {[%clk 0:05:16]} Rxe5
{[%clk 0:01:24]} 45. Kf4 {[%clk 0:05:30]} Rc5 {[%clk 0:01:39]} 46. h4
{[%clk 0:05:43]} Rxc4 {[%clk 0:01:57]} 47. Ke3 {[%clk 0:05:52]} Rxc3
{[%clk 0:01:59]} 48. Ra2 {[%clk 0:05:20]} Rc2 {[%clk 0:02:11]} 49. Raa1
{[%clk 0:04:47]} d2 {[%clk 0:02:24]} 50. Ra3 {[%clk 0:04:59]} e5 {[%clk 0:01:42]}
51. h5 {[%clk 0:03:54]} f4+ {[%clk 0:01:15]} 52. Kxe4 {[%clk 0:03:37]} Rc1
{[%clk 0:01:41]} 53. Rxd2 {[%clk 0:03:50]} Rxd2 {[%clk 0:02:00]} 54. Rh3
{[%clk 0:04:14]} Re2+ {[%clk 0:02:15]} 55. Kf5 {[%clk 0:04:36]} Rc6
{[%clk 0:02:02]} 56. h6 {[%clk 0:04:31]} gxh6 {[%clk 0:02:16]} 57. gxh6
{[%clk 0:04:55]} Rf6+ {[%clk 0:02:30]} 58. Kg4 {[%clk 0:05:03]} Rg2+
{[%clk 0:02:39]} 59. Kf3 {[%clk 0:05:15]} Rg3+ {[%clk 0:02:40]} 60. Rxg3
{[%clk 0:05:34]} fxg3+ {[%clk 0:03:03]} 61. Kxg3 {[%clk 0:05:57]} Rxh6
{[%clk 0:03:25]} 62. Kf3 {[%clk 0:06:21]} Rh4 {[%clk 0:03:39]} 63. Kg3
{[%clk 0:06:17]} Rf4 {[%clk 0:03:58]} 64. Kg2 {[%clk 0:06:25]} Kf6
{[%clk 0:04:15]} 65. Kg1 {[%clk 0:06:42]} Kg5 {[%clk 0:04:14]} 66. Kg2
{[%clk 0:06:59]} Kg4 {[%clk 0:04:35]} 67. Kg1 {[%clk 0:07:18]} Kg3
{[%clk 0:05:00]} 68. a5 {[%clk 0:07:40]} bxa5 {[%clk 0:05:17]} 69. Kh1
{[%clk 0:08:03]} Rf1# {[%clk 0:05:39]} 0-1

[Event "Top 12 Feminin Groupe A"]
[Site "Juvisy sur Orge"]
[Date "2018.05.06"]
[Round "3.1"]
[White "Varga, Klara"]
[Black "Savina, Anastasia"]
[Result "1/2-1/2"]
[WhiteElo "2195"]
[BlackElo "2349"]
[PlyCount "138"]
[EventDate "2018.05.06"]



1. c4 {[%clk 1:30:56]} e5 {[%clk 1:30:10]} 2. g3 {[%clk 1:31:12]} Nc6
{[%clk 1:30:32]} 3. Nc3 {[%clk 1:31:36]} f5 {[%clk 1:30:18]} 4. Nf3
{[%clk 1:31:54]} Nf6 {[%clk 1:30:03]} 5. d4 {[%clk 1:32:17]} e4 {[%clk 1:27:59]}
6. Nh4 {[%clk 1:32:25]} d6 {[%clk 1:23:04]} 7. Bh3 {[%clk 1:28:52]} g6
{[%clk 1:20:38]} 8. Bg5 {[%clk 1:29:09]} Bg7 {[%clk 1:17:32]} 9. O-O
{[%clk 1:29:28]} Ne7 {[%clk 1:07:09]} 10. f3 {[%clk 1:15:28]} exf3
{[%clk 0:57:33]} 11. Nxf3 {[%clk 1:12:04]} O-O {[%clk 0:57:23]} 12. d5
{[%clk 1:03:57]} h6 {[%clk 0:54:33]} 13. Bxf6 {[%clk 1:02:23]} Bxf6
{[%clk 0:54:21]} 14. Qd2 {[%clk 1:01:30]} Bg7 {[%clk 0:45:51]} 15. Nd4
{[%clk 0:57:38]} c6 {[%clk 0:42:36]} 16. Kh1 {[%clk 0:53:05]} Qb6
{[%clk 0:35:29]} 17. Nb3 {[%clk 0:43:17]} Bd7 {[%clk 0:30:25]} 18. e4
{[%clk 0:36:28]} Rae8 {[%clk 0:25:27]} 19. Rad1 {[%clk 0:35:23]} c5
{[%clk 0:23:24]} 20. Ne2 {[%clk 0:31:37]} g5 {[%clk 0:18:51]} 21. Qc2
{[%clk 0:27:46]} Qd8 {[%clk 0:15:51]} 22. Bg2 {[%clk 0:09:21]} fxe4
{[%clk 0:14:12]} 23. Bxe4 {[%clk 0:09:44]} Nf5 {[%clk 0:09:43]} 24. Bxf5
{[%clk 0:08:16]} Bxf5 {[%clk 0:09:49]} 25. Rxf5 {[%clk 0:08:43]} Rxf5
{[%clk 0:10:14]} 26. Qxf5 {[%clk 0:09:07]} Rxe2 {[%clk 0:10:40]} 27. Nc1
{[%clk 0:08:35]} Re5 {[%clk 0:09:20]} 28. Qg6 {[%clk 0:06:01]} Qe7
{[%clk 0:04:42]} 29. Kg2 {[%clk 0:06:18]} Re3 {[%clk 0:00:37]} 30. b3
{[%clk 0:06:08]} Qf6 {[%clk 0:00:33]} 31. Qxf6 {[%clk 0:04:57]} Bxf6
{[%clk 0:01:02]} 32. Rd2 {[%clk 0:03:57]} Kg7 {[%clk 0:00:36]} 33. Ne2
{[%clk 0:04:01]} h5 {[%clk 0:00:36]} 34. Kf2 {[%clk 0:03:39]} Re8
{[%clk 0:00:57]} 35. Rd3 {[%clk 0:02:54]} Kg6 {[%clk 0:00:49]} 36. Re3
{[%clk 0:01:24]} Rxe3 {[%clk 0:00:35]} 37. Kxe3 {[%clk 0:01:52]} Kf5
{[%clk 0:00:55]} 38. h3 {[%clk 0:01:38]} Be5 {[%clk 0:00:34]} 39. Kf3
{[%clk 0:01:47]} g4+ {[%clk 0:00:41]} 40. hxg4+ {[%clk 0:02:10]} hxg4+
{[%clk 0:01:09]} 41. Ke3 {[%clk 0:02:27]} a6 {[%clk 0:00:34]} 42. Kd3
{[%clk 0:02:29]} Bf6 {[%clk 0:00:35]} 43. Nf4 {[%clk 0:02:12]} Be5
{[%clk 0:00:39]} 44. Ne2 {[%clk 0:02:34]} Bf6 {[%clk 0:00:55]} 45. Nf4
{[%clk 0:02:58]} Be5 {[%clk 0:01:22]} 1/2-1/2

[Event "Top 12 Feminin Groupe A"]
[Site "Juvisy sur Orge"]
[Date "2018.05.06"]
[Round "3.2"]
[White "Partac, Elena"]
[Black "Nicoara, Malina"]
[Result "1-0"]
[WhiteElo "2091"]
[BlackElo "2090"]
[PlyCount "87"]
[EventDate "2018.05.06"]



1. e4 {[%clk 1:30:57]} c5 {[%clk 1:30:22]} 2. Nf3 {[%clk 1:30:56]} Nc6
{[%clk 1:30:42]} 3. Bb5 {[%clk 1:31:03]} g6 {[%clk 1:30:06]} 4. O-O
{[%clk 1:30:53]} Bg7 {[%clk 1:28:45]} 5. Re1 {[%clk 1:30:57]} a6 {[%clk 1:26:51]}
6. Bxc6 {[%clk 1:27:50]} dxc6 {[%clk 1:26:47]} 7. d3 {[%clk 1:24:24]} Nf6
{[%clk 1:26:12]} 8. h3 {[%clk 1:15:10]} O-O {[%clk 1:26:06]} 9. Nc3
{[%clk 1:12:46]} Ne8 {[%clk 1:22:13]} 10. e5 {[%clk 1:05:10]} Nc7
{[%clk 1:22:00]} 11. Ne4 {[%clk 1:04:31]} b6 {[%clk 1:21:10]} 12. Be3
{[%clk 0:49:14]} f5 {[%clk 1:15:10]} 13. exf6 {[%clk 0:48:04]} exf6
{[%clk 1:15:35]} 14. Qd2 {[%clk 0:38:23]} Nd5 {[%clk 1:12:46]} 15. Bh6
{[%clk 0:37:14]} Ra7 {[%clk 1:12:47]} 16. Bxg7 {[%clk 0:14:49]} Kxg7
{[%clk 1:11:47]} 17. c4 {[%clk 0:13:25]} Ne7 {[%clk 1:10:48]} 18. Qc3
{[%clk 0:12:36]} Nf5 {[%clk 1:05:37]} 19. Rad1 {[%clk 0:09:22]} Nd4
{[%clk 0:59:30]} 20. Nxd4 {[%clk 0:09:11]} Qxd4 {[%clk 0:59:56]} 21. Qxd4
{[%clk 0:09:22]} cxd4 {[%clk 1:00:17]} 22. c5 {[%clk 0:07:21]} f5
{[%clk 0:36:12]} 23. cxb6 {[%clk 0:07:36]} Rb7 {[%clk 0:36:38]} 24. Nd6
{[%clk 0:06:02]} Rxb6 {[%clk 0:37:04]} 25. Re7+ {[%clk 0:05:23]} Kh6
{[%clk 0:37:16]} 26. Nf7+ {[%clk 0:02:35]} Rxf7 {[%clk 0:37:40]} 27. Rxf7
{[%clk 0:03:02]} Be6 {[%clk 0:38:06]} 28. Re7 {[%clk 0:01:31]} Bxa2
{[%clk 0:38:31]} 29. Rd2 {[%clk 0:01:56]} Bd5 {[%clk 0:38:36]} 30. f4
{[%clk 0:01:57]} g5 {[%clk 0:35:23]} 31. fxg5+ {[%clk 0:02:18]} Kxg5
{[%clk 0:35:49]} 32. Rxh7 {[%clk 0:02:27]} Kf4 {[%clk 0:35:54]} 33. Kf2
{[%clk 0:02:40]} c5 {[%clk 0:35:44]} 34. g3+ {[%clk 0:02:05]} Kg5
{[%clk 0:35:51]} 35. Rd7 {[%clk 0:01:34]} Be6 {[%clk 0:35:34]} 36. Rc7
{[%clk 0:01:50]} Rb5 {[%clk 0:33:00]} 37. Rc2 {[%clk 0:01:50]} Rb3
{[%clk 0:33:15]} 38. Rd2 {[%clk 0:01:26]} Rb5 {[%clk 0:33:19]} 39. Rc6
{[%clk 0:01:44]} Bd5 {[%clk 0:32:56]} 40. Rxa6 {[%clk 0:01:36]} c4
{[%clk 0:33:16]} 41. dxc4 {[%clk 0:01:58]} Bxc4 {[%clk 0:33:42]} 42. Ra4
{[%clk 0:02:22]} Bd5 {[%clk 0:33:30]} 43. Raxd4 {[%clk 0:02:46]} Be4
{[%clk 0:33:56]} 44. b4 {[%clk 0:02:34]} 1-0